Creep lyrics - Statistics

General Stats
  • This quiz has been taken 59 times
  • The average score is 139 of 165
Answer Stats
Answer % Correct
I
100%
When
100%
A
98%
Cry
98%
Im
98%
The
98%
You
98%
So
95%
Creep
93%
Dont
93%
Here
93%
Special
93%
Belong
90%
Doing
90%
Hell
90%
In
90%
Look
90%
What
90%
Wish
90%
Before
88%
Eyes
88%
Was
88%
Your
88%
Am
85%
An
85%
But
85%
Makes
85%
Me
85%
We're
85%
Angel
83%
Beautiful
83%
Couldnt
83%
Like
83%
Skin
80%
World
80%
Feather
78%
It
78%
If
76%
Just
76%
Float
73%
Care
71%
Hurts
71%
Around
68%
Have
68%
Not
68%
Perfect
68%
Soul
68%
Want
68%
Body
66%
Notice
66%
Run
66%
She
66%
Control
63%
To
63%
Wanna
61%
She's
56%
Happy
54%
Out
54%
Running
54%
Whatever
49%
Door
41%
Wierdo
41%
Freaking
24%
No matching quizzes found
Score Distribution
Percent of People with Each Score
Percentile by Number Answered
Your Score History
You have not taken this quiz